| 000 | 00636nam a2200181 a 4500 | ||
|---|---|---|---|
| 005 | 20140412111359.0 | ||
| 008 | 060126s19uu xx 00 eng d | ||
| 020 | _a0-590-27146-6 | ||
| 050 |
_aR 082 _bB35 1998 |
||
| 100 | _aBetz, Adrienne | ||
| 245 |
_aScholastic treasury of quotations for children / _cComplied and written by Adrienne Bets. |
||
| 260 |
_aNew York : _bScholastic Inc., _c1998. |
||
| 300 | _a253 p. | ||
| 520 | _aPresents 1,200 quotations from ancient to modern times on topics such as cooperation, growing up, nature, success, and faith. | ||
| 650 | _aQuotations, English | ||
| 999 |
_c105443 _d105443 |
||